000
00226nam a22000857a 4500
008
160921b xxu||||| |||| 00| 0 eng d
100
_9
701
_a
Sharma.J.P
245
_a
Biology Activities-XI
260
_a
New Delhi
_b
L.P Publications
_c
2011
999
_c
3358
_d
3358